000 00881cam a2200277 a 4500
001 2299
005 20260320085029.0
020 _a9780618723454
020 _a0618723455
020 _a9780545279376
040 _aDLC
_cDLC
_dDLC
_beng
050 0 0 _aPZ8.D17
_bPr 2007
082 0 0 _a398.2
_aE
_222
100 1 _aDaly, Niki
245 1 0 _aPretty Salma :
_ba Little Red Riding Hood story from Africa /
_cby Niki Daly.
260 _aNew York :
_bScholastic,
_c2006
300 _a29 pages :
_billustrations
_c23 x 24 cm
505 _aK
520 _aIn this version of "Little Red Riding Hood," set in Ghana, a young girl fails to heed Granny's warning about the dangers of talking to strangers.
521 _a510
_bLexile
521 _aK
_bRaz-Plus
650 1 _aFairy tales.
650 1 _aFolklore.
906 _a7
_bcbc
_corignew
_d1
_eecip
_f20
_gy-gencatlg
942 _2ddc
_cBK
_n0
999 _c2299
_d2299